Параметры дендритной структуры медных сплавов; Известия вузов. Физика; Т. 54, № 11(3)

מידע ביבליוגרפי
Parent link:Известия вузов. Физика: научный журнал/ Национальный исследовательский Томский государственный университет (ТГУ).— , 1957-
Т. 54, № 11(3).— 2011.— [С. 229-232]
מחבר ראשי: Мартюшев Н. В. Никита Владимирович
סיכום:Заглавие с экрана
Изучалось влияние условий кристаллизации бинарной свинцовистой бронзы на параметры получаемой микроструктуры. Изменение условий кристаллизации осуществлялось изменением скорости охлаждения расплава через предварительный нагрев литейных форм. Представлены количественные закономерности влияния скорости охлаждения исследуемой бронзы на параметры дендритной ячейки, величину зерна. Опубликованы данные о формировании свинцовых включений между дендритами медной матрицы. Показано, что высокие скорости охлаждения порядка 100-150 °С/с приводят к образованию дендритной структуры, содержащей лишь оси первого и второго порядка. Снижение же скорости охлаждения в момент кристаллизации до значений менее 15 °С/с приводит к появлению и росту осей третьего порядка у дендритов матрицы.
Режим доступа: по договору с организацией-держателем ресурса
שפה:רוסית
יצא לאור: 2011
נושאים:
גישה מקוונת:http://elibrary.ru/item.asp?id=17650613
פורמט: MixedMaterials אלקטרוני Book Chapter
KOHA link:https://koha.lib.tpu.ru/cgi-bin/koha/opac-detail.pl?biblionumber=638688

MARC

LEADER 00000naa0a2200000 4500
001 638688
005 20250207092324.0
035 |a (RuTPU)RU\TPU\network\3080 
090 |a 638688 
100 |a 20150210d2011 k||y0rusy50 ca 
101 0 |a rus 
102 |a RU 
135 |a drcn ---uucaa 
181 0 |a i  
182 0 |a b 
200 1 |a Параметры дендритной структуры медных сплавов  |f Н. В. Мартюшев 
203 |a Текст  |c электронный 
300 |a Заглавие с экрана 
320 |a [Библиогр.: с. 232 (13 назв.)] 
330 |a Изучалось влияние условий кристаллизации бинарной свинцовистой бронзы на параметры получаемой микроструктуры. Изменение условий кристаллизации осуществлялось изменением скорости охлаждения расплава через предварительный нагрев литейных форм. Представлены количественные закономерности влияния скорости охлаждения исследуемой бронзы на параметры дендритной ячейки, величину зерна. Опубликованы данные о формировании свинцовых включений между дендритами медной матрицы. Показано, что высокие скорости охлаждения порядка 100-150 °С/с приводят к образованию дендритной структуры, содержащей лишь оси первого и второго порядка. Снижение же скорости охлаждения в момент кристаллизации до значений менее 15 °С/с приводит к появлению и росту осей третьего порядка у дендритов матрицы. 
333 |a Режим доступа: по договору с организацией-держателем ресурса 
461 |t Известия вузов. Физика  |o научный журнал  |f Национальный исследовательский Томский государственный университет (ТГУ)  |d 1957- 
463 |t Т. 54, № 11(3)  |v [С. 229-232]  |d 2011 
610 1 |a электронный ресурс 
610 1 |a труды учёных ТПУ 
610 1 |a кристаллизация 
610 1 |a дендритная кристаллизация 
610 1 |a износ 
610 1 |a разрушение 
700 1 |a Мартюшев  |b Н. В.  |c специалист в области материаловедения  |c доцент Томского политехнического университета, кандидат технических наук  |f 1981-  |g Никита Владимирович  |3 (RuTPU)RU\TPU\pers\26537  |9 12231 
801 2 |a RU  |b 63413507  |c 20150420  |g RCR 
856 4 |u http://elibrary.ru/item.asp?id=17650613 
942 |c CF